header

Smoke on the water (Record no. 13518)

MARC details
000 -LEADER
fixed length control field 01207nam a2200301Ia 4500
100 1# - MAIN ENTRY--AUTHOR NAME
Personal name Thompson, Dave,
245 10 - TITLE STATEMENT
Title Smoke on the water
260 ## - PUBLICATION, DISTRIBUTION, ETC. (IMPRINT)
Place of publication Toronto :
Name of publisher ECW Press,
Year of publication c2004.
300 ## - PHYSICAL DESCRIPTION
Number of Pages xi, 402 p. :
Other physical details ports.
650 #0 - SUBJECT ADDED ENTRY--TOPICAL TERM
Topical Term Rock musicians
856 40 - ELECTRONIC LOCATION AND ACCESS
Uniform Resource Identifier http://site.ebrary.com/lib/rucke/Doc?id=10257049

No items available.

© 2026 Rongo University
Contact us: librarian | system librarian | Rongo university